[Event "GER Seniors Derby 06th"]
[Site "Wesel Undeloh"]
[Date "2007.04.14"]
[Round "5.14"]
[White "Schuchardt, Kurt"]
[Black "Walther, Gerd"]
[Result "0-1"]
[WhiteElo "1544"]
[BlackElo "1716"]
[PlyCount "60"]
[EventDate "2007.04.12"]
[EventType "swiss"]
[EventRounds "7"]
[EventCountry "GER"]
[SourceTitle "EXT 2022"]
[Source "ChessBase"]
[SourceDate "2021.10.06"]
[SourceVersion "1"]
[SourceVersionDate "2021.10.06"]
[SourceQuality "1"]

1. e4 b6 2. f4 Bb7 3. Nc3 e6 4. Nf3 Bb4 5. d3 d5 6. Bd2 dxe4 7. Nxe4 Bxd2+ 8. Nexd2 Nf6 9. Qe2 0-0 10. 0-0-0 c5 11. Rg1 Nc6 12. g4 Nd4 13. Nxd4 Qxd4 14. Nb3 Qxf4+ 15. Kb1 Bf3 16. Qf2 Nxg4 17. Rxg4 Qxg4 18. Re1 Bd5 19. Nd2 Rad8 20. Be2 Qf5 21. Qg3 b5 22. Rg1 Qg6 23. Qf2 Qh6 24. Qg3 c4 25. Nf1 Qg6 26. Qe3 Qf6 27. Ng3 Qh6 28. Qf2 f5 29. Nh5 Rd7 30. Qd4 cxd3 0-1